01407 a2200193 4500003000500000005001700005040000900022082001200031100002900043245006600072260003500138300001400173505069200187650003400879942001200913999001900925952012100944952014801065Nust20231108175618.0 cNust a629,GHO aGhost, Smarajit 9106380 aControl systems : btheory and applications /cSmarajit Ghost aIndiabPearson Educationc2007 axvi,612p. aFundamentals of Control Systems (Page-1), Laplace Transform and Matrix Algebra (Page-14), Transfer Function (Page-37), Control System Components (Page-59), Mathematical Modeling of Physical Systems (Page-106), Block Diagram (Page-141), Signal Flow Graphs (Page-177), Time Domain Analysis of Control Systems (Page-215), Feedback Characteristics Of Control Systems (Page-276), Stability (Page-310), Root Locus Method (Page-331), Frequency Domain Analysis (Page-375), Bode Plot (Page-388), Polar Plot (Page-429), Nyquist Plot (Page-445), Introduction to Compensators (Page-480), State Variable Approach (Page-498), Digital Control Systems (Page-541), Non-Linear Control Systems (Page-556). aTelecommunication Engineering 2ddccBK c189394d189394 00102ddc4070aMCSbMCScGENd2016-12-12o629,GHOpMCS35077r2016-12-08w2016-12-12yBKzAlmirah No.41, Shelf No.2 00102ddc4070aMCSbMCScGENd2022-12-29l1o629,GHOpMCS34655q2025-12-13r2025-08-15s2025-08-15w2022-12-29yBKzAlmirah No.41, Shelf No.2